Hướng dẫn thực hành kế toán cho các doanh nghiệp vừa và nhỏ (theo quyết định số 1177/TC/QĐ/CĐKT ngáy 23-12-1996 của Bộ Tài chính)
Sách giới thiệu hệ thống tài khoản kế toán và cách chuyển số dư; hướng dẫn quá trình kế toán, cách lập các báo cáo tài chính, chế độ chứng từ và sổ kế toán; và sau cùng là bài tập thực hành...
Enregistré dans:
| Auteur principal: | |
|---|---|
| Format: | Livre |
| Langue: | Undetermined |
| Publié: |
Hà Nội
Thống Kê
1998
|
| Sujets: | |
| Tags: |
Ajouter un tag
Pas de tags, Soyez le premier à ajouter un tag!
|
| Thư viện lưu trữ: | Trung tâm Học liệu Trường Đại học Cần Thơ |
|---|
| LEADER | 01052nam a2200205Ia 4500 | ||
|---|---|---|---|
| 001 | CTU_30754 | ||
| 008 | 210402s9999 xx 000 0 und d | ||
| 020 | |b 60.000đ | ||
| 082 | |a 657 | ||
| 082 | |b D557 | ||
| 100 | |a Phạm, Văn Dược | ||
| 245 | 0 | |a Hướng dẫn thực hành kế toán cho các doanh nghiệp vừa và nhỏ (theo quyết định số 1177/TC/QĐ/CĐKT ngáy 23-12-1996 của Bộ Tài chính) | |
| 245 | 0 | |c Phạm Văn Dược, Đặng Kim Cương | |
| 260 | |a Hà Nội | ||
| 260 | |b Thống Kê | ||
| 260 | |c 1998 | ||
| 520 | |a Sách giới thiệu hệ thống tài khoản kế toán và cách chuyển số dư; hướng dẫn quá trình kế toán, cách lập các báo cáo tài chính, chế độ chứng từ và sổ kế toán; và sau cùng là bài tập thực hành | ||
| 650 | |a Accounting,Managerial accounting | ||
| 904 | |i Minh, QHieu | ||
| 980 | |a Trung tâm Học liệu Trường Đại học Cần Thơ | ||